Neighbourhoods of Victoria on the Map - Statistics

General Stats
  • This quiz has been taken 42 times
  • The average score is 5 of 14
Answers on the Map
Answers color-coded by a green-red scale on the quiz's map according to % correct below.
 
Answer Stats
Neighbourhood % Correct
Downtown
97%
James Bay
69%
Victoria West
55%
Quadra Village
41%
Burnside
38%
Fernwood
34%
Fairfield
21%
North Jubilee
21%
South Jubilee
21%
Gonzales
17%
Harris Green
17%
Rockland
17%
North Park
14%
Oaklands
14%
No matching quizzes found
Score Distribution
Percent of People with Each Score
Percentile by Number Answered
Your Score History
You have not taken this quiz